000 01088nam a22003137a 4500
003 CHAP
005 20220329133645.0
008 971013s1989 r 00010 d
010 _a9115
011 _a10087
035 _a9324
040 _cCHAP
082 _a396.0972
_bR3
100 0 0 _aRadkau, Verena.
_993708
245 _aPor la debilidad de nuestro ser
_b: mujeres del pueblo en la paz porfiriana
260 _aMéxico, D.F. :
_bCentro de Investigaciones y Estudios Superiores en Antropología Social,
_c1989
300 _a140 p.
_b: ilus.
490 _aCuadernos de la casa chata
_v; 168
590 _aBATCH-UPD
_b10
_c20130110
_lUCH01
_h1014
590 _aBATCH-UPD
_b10
_c20130410
_lUCH01
_h0621
590 _aBATCH-UPD
_b10
_c20130914
_lUCH01
_h1833
590 _aCONVERSION
_b10
_c20130109
_lUCH01
_h1306
650 1 4 _aMujer
_xSituación social
_zColima.
_979337
650 1 4 _aTrabajo de la mujer.
_9114490
830 0 _aCuadernos de la casa chata
_v; 168
_929795
901 _aBK
942 _cLIBRO
949 _a396.0972 R3
_bBC
_cLIBRO
_d33724000433439
_eLIBRO
_gI.c/e
_h78250
_i9324
_si
999 _c9115
_d9115